| Tag |
First Indicator |
Second Indicator |
Subfields |
| LEADER |
00000cam a2200000 a 4500 |
| 001 |
in00001770721 |
| 005 |
20151025094817.0 |
| 008 |
941122s1994 ru b 000 0 ruso |
| 010 |
|
|
|a 94231717
|
| 020 |
|
|
|a 5851330430
|
| 035 |
|
|
|a (OCoLC)ocm31855728
|
| 040 |
|
|
|a DLC
|c DLC
|d OCLCQ
|d TXA
|d UtOrBLW
|
| 043 |
|
|
|a e-ru---
|a e-ur---
|
| 049 |
|
|
|a TXAM
|
| 050 |
0 |
0 |
|a PG3015.5.P47
|b K36 1994
|
| 080 |
|
|
|a 882.09
|
| 100 |
1 |
|
|a Kantor, V. K.
|q (Vladimir Karlovich)
|
| 245 |
1 |
0 |
|a V poiskakh lichnosti :
|b opyt russkoĭ klassiki /
|c Vladimir Kantor.
|
| 264 |
|
1 |
|a Moskva :
|b Moskovskiĭ filosofskiĭ fond,
|c 1994.
|
| 300 |
|
|
|a 239 pages ;
|c 20 cm.
|
| 336 |
|
|
|a text
|b txt
|2 rdacontent
|
| 337 |
|
|
|a unmediated
|b n
|2 rdamedia
|
| 338 |
|
|
|a volume
|b nc
|2 rdacarrier
|
| 490 |
1 |
|
|a Serii︠a︡ "Rossii︠a︡ i Zapad"
|
| 500 |
|
|
|a At head of title: Ministerstvo kulʹtury Rossiĭskoĭ federat︠s︡ii. Rossiĭskai︠a︡ akademii︠a︡ nauk. Rossiĭskiĭ institut kulʹturologii.
|
| 504 |
|
|
|a Includes bibliographical references.
|
| 650 |
|
0 |
|a Russian literature
|y 19th century
|x History and criticism.
|
| 650 |
|
0 |
|a Personality in literature.
|
| 651 |
|
0 |
|a Russia
|x Intellectual life
|y 1801-1917.
|
| 830 |
|
0 |
|a Serii͡a "Rossii͡a i Zapad."
|
| 948 |
|
|
|a cataloged
|b h
|c 2003/9/11
|d c
|e tchubaryan
|f 1:25:27 pm
|
| 994 |
|
|
|a E0
|b TXA
|
| 999 |
|
|
|a MARS
|
| 999 |
f |
f |
|s 98cabe5c-3217-3841-b84a-0d66f8609c1d
|i 6fde9152-7eec-387c-a1f1-a04567b299b4
|t 0
|
| 952 |
f |
f |
|p ric
|a Texas A&M University
|b Rellis Campus
|c Joint Library Facility
|d Remote Storage
|t 0
|e PG3015.5.P47 K36 1994
|h Library of Congress classification
|i unmediated -- volume
|m A14830482271
|
| 998 |
f |
f |
|a PG3015.5.P47 K36 1994
|t 0
|l Remote Storage
|